[Event "EU-chT School U16 4th"]
[Site "Varna"]
[Date "2009.06.18"]
[Round "5.1"]
[White "Zenkovich, Evgeni"]
[Black "Galateanu, Calin"]
[Result "1/2-1/2"]
[WhiteElo "1844"]
[BlackElo "1788"]
[PlyCount "60"]
[EventDate "2009.06.13"]
[EventType "team"]
[EventRounds "6"]
[EventCountry "BUL"]
[SourceTitle "EXT 2020"]
[Source "ChessBase"]
[SourceDate "2019.10.17"]
[SourceVersion "1"]
[SourceVersionDate "2019.10.17"]
[SourceQuality "1"]

1. d4 f5 2. e4 d6 3. Nc3 Nf6 4. Bd3 e6 5. Nge2 fxe4 6. Nxe4 Nxe4 7. Bxe4 d5 8. Bd3 Bd6 9. Be3 Nc6 10. Ng3 g6 11. c3 Bd7 12. f4 Qf6 13. 0-0 0-0-0 14. b4 Ne7 15. a4 Nf5 16. Nxf5 gxf5 17. b5 Rdg8 18. a5 Kd8 19. Qf3 h5 20. Rfb1 Ke7 21. Bd2 c5 22. bxc6 Bxc6 23. Bb5 Rb8 24. Bxc6 bxc6 25. Rxb8 Rxb8 26. Qxh5 Rb2 27. Be1 Qg7 28. Bg3 Rb3 29. Qf3 Bb4 30. Qd1 Rb2 1/2-1/2